Logistics Management : An Analytics-Based Approach /
Obra que ofrece una serie de estrategias de logística que parten de la toma de decisiones basadas en el análisis de datos. De esta manera, la distribución del producto se realiza con base en el conocimiento de las funciones de la fabricación, el almacenamiento, el transporte y el inventariado.
Spremljeno u:
| Glavni autor: | |
|---|---|
| Daljnji autori: | |
| Format: | Knjiga |
| Jezik: | engleski |
| Izdano: |
Nueva York, EUA :
Business Expert,
2020, c2020
|
| Serija: | (Business Expert Supply and Operations Managament)
|
| Teme: | |
| Online pristup: | Ver documento en línea |
| Oznake: |
Bez oznaka, Budi prvi tko označuje ovaj zapis!
|
MARC
| LEADER | 00000nam^a2200000^a^4500 | ||
|---|---|---|---|
| 001 | 000426634 | ||
| 005 | 20251023000000.0 | ||
| 009 | 20260526144532.365 | ||
| 020 | |a 978-1-94944-385-1 | ||
| 037 | |a Acervo ITESO - Biblioteca | ||
| 041 | |a ING | ||
| 082 | |a 658. 5 |b MIL | ||
| 100 | |a Miller, Tan |e (autor) | ||
| 245 | 1 | 0 | |a Logistics Management : |b An Analytics-Based Approach / |c T. Miller, M.J. Liberatore. |
| 264 | 4 | |a Nueva York, EUA : |b Business Expert, |c 2020, c2020 | |
| 264 | 2 | |a Cartagena, España : |b Odilo [distribución], |c 2021 | |
| 300 | |a 1 libro electrónico en línea (184 p.) | ||
| 300 | |a 1 recurso en línea | ||
| 336 | |a datos para computadora |b cod |2 rdacontenido | ||
| 337 | |a computadora |b c |2 rdamedio | ||
| 338 | |a recurso en línea |b cr |2 rdasoporte | ||
| 440 | 1 | |a (Business Expert Supply and Operations Managament) | |
| 506 | 0 | |a 1 licencia | |
| 520 | |a Obra que ofrece una serie de estrategias de logística que parten de la toma de decisiones basadas en el análisis de datos. De esta manera, la distribución del producto se realiza con base en el conocimiento de las funciones de la fabricación, el almacenamiento, el transporte y el inventariado. | ||
| 521 | |a Odilo 2021 EEnlace Departamento de Economía, Administración y Mercadología | ||
| 649 | |a XX | ||
| 650 | |a Cadena de Suministro | ||
| 650 | |a Distribución Física del Producto | ||
| 650 | |a Distribución del Producto | ||
| 650 | |a Logística Empresarial - |x Tema Principal | ||
| 650 | |a Toma de Decisiones - |x Modelos Matemáticos | ||
| 650 | |a Investigación de Operaciones | ||
| 650 | |a Globalización | ||
| 650 | |a Administración de la Producción | ||
| 650 | |a Proceso Administrativo - |x Dirección | ||
| 650 | |a Administración | ||
| 650 | |a Ciencias Administrativas | ||
| 700 | |a Liberatore, Matthew J. |e (autor) | ||
| 856 | 4 | 0 | |u https://iteso-odilotk-es.ezproxy.iteso.mx/opac?id=01879033 |y Ver documento en línea |
| 910 | |a Fondo General | ||
| 920 | |a Electrónicos - Libros en Línea | ||
| 930 | |a Plataforma Digital | ||
| 905 | |a 205 | ||
| 901 | |a 426634-1 |b IT2 |c EBO |i C174120 |u 20250521 | ||
| 902 | |a https://opac.biblio.iteso.mx/vufind/Record/000426634 | ||